RZECZY Z KTÓRYCH SŁYNIE SZWAJCARIA: - Statystyki

Ogólne statystyki
  • Ten quiz został rozwiązany 118 razy
  • Średni wynik to 3 z 5
Statystyki odpowiedzi
Odpowiedź % Poprawnych
ZEGARKI
87%
CZEKOLADA
70%
GÓRY
63%
SERY
63%
BANKI
57%
Nie znaleziono quizów pasujących do podanych kryteriów
Rozkład punktacji
Procent ludzi z każdym wynikiem
Percentyl według liczby udzielonych odpowiedzi
Twoja historia wyników
Nie rozwiązałeś tego quizu